| 000 | 01019nam0a2200289 i 4500 | ||
|---|---|---|---|
| 001 | RU\NLR\BIBL_A\010955816 | ||
| 005 | 20241104064109.0 | ||
| 010 |
_a9785892221474 _9500 |
||
| 021 |
_aRU _b15-100542 |
||
| 035 | _a(NILC)RuMoRGB-008109837 | ||
| 035 | _a(NLR Aleph) 010955816 | ||
| 090 |
_a10788977 _c10788977 |
||
| 100 | _a20160122d2015 km y0rusy50 ca | ||
| 101 | 1 |
_arus _ceng |
|
| 102 |
_aRU _aRU |
||
| 105 | _ac|||z|||000yy | ||
| 200 | 1 |
_aОстеопатия. Исследование и практика _fЭндрю Тейлор Стилл _g[пер. с англ. И. А. Давыдов] |
|
| 210 |
_aМосква _aИваново _cИзд-во МИК _d2015 |
||
| 215 |
_a278, [1] с. _cпортр. _d21 |
||
| 606 |
_aОстеопатическая терапия _92214434 _3RU\NLR\AUTH\661330092 |
||
| 686 | 1 | _aР354.15 | |
| 700 | 1 |
_aСтилл _bЭ. Т. _f1828-1917 _gЭндрю Тейлор |
|
| 801 | 0 |
_aRU _bРГБ _c20160111 _gRCR |
|
| 942 | _cBOOK | ||
| 980 | _aNBR | ||